| 000 | 00364nam a2200133 i 4500 | ||
|---|---|---|---|
| 001 | bg | ||
| 100 | 1 | _aSTOLAREK, Władysław | |
| 245 | 0 |
_aZagadnienia rozruchu inwestucji produkcyjnych w przemyśle maszynowym / _cWładysław Stolarek. |
|
| 260 |
_aWarszawa, _c1972. |
||
| 040 | _cBPK | ||
| 041 | _apol | ||
| 942 | _cKS | ||
| 008 | s pl f |000 0 pol | ||
| 999 |
_c27062 _d27062 |
||
| 856 |
_uhttp://koha.tu.koszalin.pl/cgi-bin/koha/opac-detail.pl?biblionumber=27062 _yKatalog online BPK |
||